00596nam a2200181 a 4500008004100000020001500041050001800056100003100074245002300105260005400128300002000182350000900202500005100211650001300262650004300275650005300318650004300371120416s1983 ||||||||||||||||| || u a0691076596 aJS 344.F4 Mol aMollenkopf, John H., 1946-14aThe contested city aPrinceton, N.J.bPrinceton University Pressc1983 axii, 328p : ill a0.00 aIncludes bibliographical references and index. aPOLITICS aFEDERAL--CITY RELATIONS--UNITED STATES aSan Francisco (Calif.)-- Politics and government aBOSTON (MASS)--POLITICS AND GOVERNMENT